| 000 | 00000nam 2200000za 4500 |
| 001 | 9.854392 |
| 003 | CaOODSP |
| 005 | 20221107155042 |
| 007 | cr ||||||||||| |
| 008 | 180327s1992 onc #osf||f|0| 0|fre d |
| 040 | |aCaOODSP|bfre |
| 041 | |afre|aeng |
| 043 | |an-cn--- |
| 086 | 1 |aCS62-555/1992-PDF |
| 245 | 00|aFamily expenditure in Canada, 1990 |h[ressource électronique] : |b17 metropolitan areas, list of statistical tables and user's guide. |
| 246 | 15|aDépenses des familles au Canada, 1990 : |b17 régions métropolitaines, liste des tableaux statistiques et guide de l'utilisateur |
| 260 | |a[Ottawa] : |bStatistics Canada, |c1992. |
| 300 | |aiv, 42, iv, 43 p. |
| 500 | |aTitre de la p. de t. addit. : Dépenses des familles au Canada, 1990 : 17 régions métropolitaines, liste des tableaux statistiques et guide de l'utilisateur. |
| 500 | |aÉdition numérisée de l'imprimé [par Statistique Canada]. |
| 500 | |a« 18 février 1992. » |
| 546 | |aTexte en français et en anglais avec p. de titre addit.. |
| 692 | 07|2gccst|aSondage |
| 692 | 07|2gccst|aStatistiques |
| 692 | 07|2gccst|aCrédit ménager |
| 710 | 1 |aCanada.|bStatistique Canada. |bDivision des enquêtes-ménages. |
| 791 | |tFamily expenditure in Canada, 1990 |eeng|w(CaOODSP)9.854390 |
| 856 | 40|qPDF|s10.62 Mo|uhttps://publications.gc.ca/collections/collection_2018/statcan/CS62-555-1992.pdf |
| 986 | |a62-555S |